Cuadratic forms in infinite dimensional vector spaces

Shranjeno v:
Bibliografske podrobnosti
Glavni avtor: Gross, Herbert (Author)
Format: Knjiga
Jezik:angleščina
Izdano: Boston Birkhäuser 1979
Serija:Progress in Mathematics, 1
Teme:
Oznake: Označite
Brez oznak, prvi označite!

MARC

LEADER 00000nam a2200000 a 4500
001 UCP1584
003 CL-VaPUC
008 990416e19790000US |||||||||||||||||eng|d
082 0 4 |a 516.35  |b GRO  |2 21 
100 0 |a Gross, Herbert  |e author  |9 427713 
245 1 0 |a Cuadratic forms in infinite dimensional vector spaces 
300 |a 419 p 
942 |c BK 
945 |d 19990416 00:00:00  |a crobeson 
260 |a Boston  |b Birkhäuser  |c 1979 
650 0 |a Geometría algebraica  |9 270327 
650 7 |a FORMAS CUADRATICAS  |2 CL-VaPUC  |9 270195 
650 0 |a Espacios vectoriales   |9 21 
583 |a last modification  |c 19990416 00:00:00  |k Rodrigo Vera 
490 0 |a Progress in Mathematics, 1 
999 |c 280251  |d 280249 
952 |0 0  |1 0  |4 0  |6 516_350000000000000_GRO_1979  |7 0  |8 A  |9 320497  |a BIBMAT  |b BIBMAT  |d 2019-11-20  |i 1343114  |o 516.35 GRO 1979  |p 1343114  |r 2025-01-07  |w 2019-11-20  |y BK  |k MAT